000 00929nam a2200313 a 4500
003 AR-BaBNM
005 20251128204752.0
008 082120s2002 ||||||||||||||000 | spa||
020 _a84-7738-210-7
040 _cAR-BaBNM
100 1 _aAltés Machín, Carmen
245 0 0 _aMarketing y turismo
_bintroducción al marketing de empresas y destinos turísticos
260 _aMadrid
_bSíntesis
_c1993
300 _a286 p.
_bil., gráfs., tablas
490 0 _aGestión turística
_vv. 14
500 _aContiene referencias bibliográficas en pág. 285-286
650 4 _aTURISMO
650 4 _aINDUSTRIA TURISTICA
650 4 _aINSTALACIONES TURISTICAS
650 4 _aCOMERCIALIZACION
650 4 _aESPARCIMIENTO COMERCIALIZADO
650 4 _aINVESTIGACION DE MERCADO
650 4 _aESTRUCTURA DEL MERCADO
650 4 _aPLANIFICACION
650 4 _aDIFUSION
653 _aMARKETING
942 _cBK
998 _cMARTIN
999 _c8750
_d8750